000 00730nam a2200193 a 4500
001 000045503
005 20201002052302.0
008 150410s2013 py 000 0 spa d
040 _aDO-SdBNP
_bspa
_cBNPHU
082 _axxxx
_bxxxx
100 1 _aRiera Hunter, Marcos
_973557
245 1 3 _aLa independencia del poder judicial :
_bderecho paraguayo y comparado /
_cMarcos Riera Hunter ; introducción Soto Nieto.
260 _aAsunción, Paraguay :
_bLa Ley,
_c2013.
300 _a338 p. ;
_c22 cm.
500 _aIncluye referencias bibliográficas y notas al pie de las páginas.
500 _aIncluye datos biográficos del autor en las solapas.
504 _aBibliografía : p.315-327
700 1 2 _aNieto, Soto,
_eintrod.
_973558
999 _c44992
_d44992